| 000 | 00937cam a22002655a 4500 | ||
|---|---|---|---|
| 001 | 18025624 | ||
| 005 | 20151116153638.0 | ||
| 008 | 140131t2014 maua frb 001 0 eng d | ||
| 020 | _a9780124080560 | ||
| 040 |
_aDLC _beng _cDLC _dDLC _dEG-ScBUE |
||
| 082 | 0 | 4 |
_a005.74068 _222 _bMCK |
| 100 | 1 |
_aMcKnight, William _c(Consultant) _938747 |
|
| 245 | 1 | 0 |
_aInformation management strategies for gaining a competitive advantage with data / _cWilliam Mcknight. |
| 260 |
_aWaltham : _bMorgan Kaufmann / Elsevier, _cc.2014. |
||
| 300 |
_axviii, 195 p. : _bill. ; _c23 cm. |
||
| 500 | _aIndex : p. 189-195. | ||
| 504 | _aIncludes bibliographical references. | ||
| 650 | 0 |
_aBusiness information services. _2BUEsh _929750 |
|
| 650 | 7 |
_aBusiness intelligence. _2BUEsh _93881 |
|
| 650 | 7 |
_aDatabase management. _2BUEsh _911309 |
|
| 650 | 7 |
_aBig data. _2BUEsh _936502 |
|
| 651 | _2BUEsh | ||
| 653 |
_bCOMSCI _cAugust2015 _cNovember2015 |
||
| 942 | _2ddc | ||
| 999 |
_c20559 _d20531 |
||